000 00424nam a22001577a 4500
003 OSt
005 20120302145035.0
008 090420t xxu||||| |||| 00| 0 eng d
035 _a२८३४
040 _cमराठी
100 _aशेळके, उध्दव ज.
_93636
245 _aसुनंदा
260 _aपुणे
_bअनुपम
300 _b२२६ पाने
942 _2ddc
_cBOOK
999 _c488801
_d488798